000 00891naa a22002657u 4500
001 05257
003 HDC
007 cr bn ---aaaaa
008 210119s2009 xx a b 001 0 eng
040 _aHDC
100 _aLawate, Saurabh,
_eauthor
_95501
245 0 _aFormulation Components for Incidental Food-Contact Lubricants /
_cby Saurabh Lawate
260 _a[No Place] :
_b[publisher not identified],
_c2009
300 _a12 pages
336 _atext
_2rdacontent
337 _acomputer
_2rdamedia
338 _aonline resource
_2rdacarrier
500 _aOriginal from book
650 _aFood industry
_9536
650 _aLubricating oils
_95502
856 _zRequest full-text at [email protected]
942 _2lcc
942 _cCHAP
942 _kEBCH 002684
999 _c2581
_d2581